CREATING EFFECTIVE GROUPS THE ART OF SMA (Record no. 32168)

MARC details
000 -LEADER
fixed length control field 00393nam a2200145Ia 4500
008 - FIXED-LENGTH DATA ELEMENTS--GENERAL INFORMATION
fixed length control field 240624s9999 xx 000 0 und d
041 ## - LANGUAGE CODE
Language code of text/sound track or separate title eng
082 ## - DEWEY DECIMAL CLASSIFICATION NUMBER
Classification number 302.3 FUJ
100 ## - MAIN ENTRY--PERSONAL NAME
Personal name FUJISHIN RANDY
245 ## - TITLE STATEMENT
Title CREATING EFFECTIVE GROUPS THE ART OF SMA
250 ## - EDITION STATEMENT
Edition statement (3rd ed.)
260 ## - PUBLICATION, DISTRIBUTION, ETC.
Date of publication, distribution, etc. 2013
Place of publication, distribution, etc. New York
Name of publisher, distributor, etc. Rowman & Littlefield Publishers
300 ## - PHYSICAL DESCRIPTION
Extent xii, 201 p.; 23 cm.
365 ## - TRADE PRICE
Currency code BPS
Price amount 33
Holdings
Withdrawn status Lost status Damaged status Not for loan Home library Current library Shelving location Date acquired Full call number Barcode Date last seen Copy number Price effective from Koha item type
        IMTN IMTN Rack 5-A 07/02/2020 302.3 FUJ 32168 06/24/2024 97.4 06/24/2024 Books
Designed & Maintained by: LRC IMT Nagpur Contact: lrc@imtnag.ac.in© 2024. All Rights Reserved.